000 00213nam a2200121Ia 4500
100 _a#N/A
942 _cBK
245 _aWeb technologies
260 _b#N/A
082 _b22598
546 _aENGLISH
999 _c31357
_d31357